[Event "Open Ciutat de Sabadell 2010"]
[Site "Sabadell ESP"]
[Date "2010.09.06"]
[Round "5.6"]
[White "Uribe Arteaga, Daniel"]
[Black "Martinez Duany, Lelys Stanley"]
[Result "0-1"]
[WhiteElo "2220"]
[BlackElo "2507"]
[PlyCount "96"]
[EventDate "2010.09.01"]
[EventType "swiss"]
[EventRounds "9"]
[EventCountry "ESP"]
[Source "lmi"]
[SourceDate "2010.09.01"]

1. e4 c5 2. c3 Nf6 3. e5 Nd5 4. Nf3 e6 5. d4 cxd4 6. cxd4 b6 7. Nc3 Nxc3 8.
bxc3 Qc7 9. Bd2 d6 10. Bd3 Nd7 11. O-O dxe5 12. Nxe5 Nxe5 13. dxe5 Bb7 14. Bb5+
Bc6 15. Qf3 Rc8 16. a4 a6 17. Bxc6+ Qxc6 18. Qg3 h5 19. h4 g6 20. Rfb1 Be7 21.
Be3 Bd8 22. Bd4 O-O 23. Rb4 a5 24. Rb5 Qe4 25. Bxb6 Bxb6 26. Rxb6 Rc4 27. Rb5
Rfc8 28. Rxa5 Rxc3 29. Qg5 R3c4 30. Rd1 Qxh4 31. Qxh4 Rxh4 32. Ra7 Rf4 33. g3
Rf5 34. Ra5 Kg7 35. Rd2 Rc4 36. Re2 h4 37. Kg2 hxg3 38. fxg3 Kh6 39. Ra7 Rc5
40. a5 Kg7 41. a6 Rcxe5 42. Rc2 Ra5 43. Ra8 Ra3 44. a7 Rg5 45. Kh2 Rga5 46. Rc7
Ra2+ 47. Kh3 R5a4 48. Rcc8 Rxa7 0-1

[Event "Open Ciutat de Sabadell 2010"]
[Site "Sabadell ESP"]
[Date "2010.09.06"]
[Round "5.7"]
[White "Lasinskas, Povilas"]
[Black "Perez Mitjans, Orelvis"]
[Result "0-1"]
[WhiteElo "2195"]
[BlackElo "2445"]
[PlyCount "68"]
[EventDate "2010.09.01"]
[EventType "swiss"]
[EventRounds "9"]
[EventCountry "ESP"]
[Source "lmi"]
[SourceDate "2010.09.01"]

1. d4 g6 2. c4 Nf6 3. Nc3 d5 4. cxd5 Nxd5 5. Bd2 Nb6 6. Bf4 Bg7 7. e3 O-O 8.
Nf3 Nc6 9. Bb5 Nb4 10. O-O N6d5 11. Bg3 c5 12. dxc5 Nxc3 13. bxc3 Nd5 14. Rc1
Nxc3 15. Qxd8 Rxd8 16. Bc4 Be6 17. Bxe6 Ne2+ 18. Kh1 Nxc1 19. Bxf7+ Kxf7 20.
Rxc1 Rac8 21. Ng5+ Kg8 22. h3 Rd2 23. Rb1 Rb2 24. Rd1 Rxa2 25. Rd7 Bf6 26. Ne4
Rb2 27. Nxf6+ exf6 28. Bd6 a5 29. Be7 Rc6 30. Bd6 a4 31. Rd8+ Kf7 32. e4 a3 33.
Rf8+ Kg7 34. Re8 a2 0-1

[Event "Open Ciutat de Sabadell 2010"]
[Site "Sabadell ESP"]
[Date "2010.09.06"]
[Round "5.8"]
[White "Gonzalez Perez, Arian"]
[Black "Carlstedt, Jonathan"]
[Result "1-0"]
[WhiteElo "2410"]
[BlackElo "2376"]
[PlyCount "93"]
[EventDate "2010.09.01"]
[EventType "swiss"]
[EventRounds "9"]
[EventCountry "ESP"]
[Source "lmi"]
[SourceDate "2010.09.01"]

1. e4 c5 2. Nf3 Nf6 3. e5 Nd5 4. g3 Nc6 5. Bg2 Qc7 6. Qe2 e6 7. O-O Be7 8. c4
Nb6 9. Nc3 a6 10. d3 d5 11. exd6 Bxd6 12. Be3 O-O 13. Ne4 Nd7 14. d4 cxd4 15.
Nxd4 Nxd4 16. Bxd4 Be5 17. Rfd1 Bxd4 18. Rxd4 e5 19. Rd2 Nb8 20. Rad1 Nc6 21.
Nd6 Be6 22. b3 f6 23. Nxb7 Bf5 24. Qf3 Ne7 25. Nd6 Be6 26. Qb7 Ra7 27. Qxc7
Rxc7 28. Ne4 Bg4 29. f3 Bc8 30. Nc3 Nc6 31. Kf2 Nd4 32. Ne2 Nc6 33. Rd6 a5 34.
f4 Ne7 35. Rd8 Rxd8 36. Rxd8+ Kf7 37. fxe5 fxe5 38. Nc3 Be6 39. Nb5 Rd7 40.
Nd6+ Kf6 41. Ne4+ Kg6 42. Rxd7 Bxd7 43. Nc5 Bf5 44. Nb7 a4 45. bxa4 Bd3 46. Nd6
Kf6 47. a5 1-0

[Event "Open Ciutat de Sabadell 2010"]
[Site "Sabadell ESP"]
[Date "2010.09.06"]
[Round "5.9"]
[White "Quesada Perez, Yuniesky"]
[Black "Rios, Alejandro"]
[Result "1-0"]
[WhiteElo "2614"]
[BlackElo "2299"]
[PlyCount "63"]
[EventDate "2010.09.01"]
[EventType "swiss"]
[EventRounds "9"]
[EventCountry "ESP"]
[Source "lmi"]
[SourceDate "2010.09.01"]

1. e4 e5 2. Nf3 Nc6 3. Bb5 a6 4. Ba4 d6 5. Bxc6+ bxc6 6. d4 f6 7. Nc3 Ne7 8.
Be3 Ng6 9. Qe2 Be7 10. O-O-O Bd7 11. h4 O-O 12. h5 Nh8 13. Nh4 Qc8 14. f3 Rb8
15. Qc4+ Rf7 16. g4 Qb7 17. b3 Qb4 18. Qd3 Rff8 19. Nf5 Bd8 20. Kb2 a5 21. a3
Qb7 22. Qc4+ Nf7 23. f4 exd4 24. Bxd4 c5 25. Bxc5 Bxf5 26. gxf5 dxc5 27. h6
gxh6 28. Rd7 c6 29. Rxb7 Rxb7 30. Qxc5 Be7 31. Qxc6 Rfb8 32. Nd5 1-0

[Event "Open Ciutat de Sabadell 2010"]
[Site "Sabadell ESP"]
[Date "2010.09.06"]
[Round "5.10"]
[White "Barrientos, Sergio E"]
[Black "Gomez Jurado, Luis Alberto"]
[Result "1-0"]
[WhiteElo "2464"]
[BlackElo "2339"]
[PlyCount "65"]
[EventDate "2010.09.01"]
[EventType "swiss"]
[EventRounds "9"]
[EventCountry "ESP"]
[Source "lmi"]
[SourceDate "2010.09.01"]

1. e4 c5 2. Nf3 Nc6 3. d4 cxd4 4. Nxd4 Nf6 5. Nc3 e5 6. Ndb5 d6 7. Bg5 a6 8.
Na3 b5 9. Nd5 Be7 10. Bxf6 Bxf6 11. c4 b4 12. Nc2 a5 13. Be2 O-O 14. O-O Bg5
15. Qd3 Be6 16. Rad1 g6 17. b3 Qb8 18. Kh1 Rd8 19. Qg3 Bh6 20. Qh4 Bg7 21. Nce3
Ra7 22. Bg4 Rf8 23. f4 f5 24. Bh3 g5 25. fxe5 dxe5 26. Qxg5 Qc8 27. Nb6 h6 28.
Qh5 Qb7 29. Na4 Nd4 30. Nc5 Qc6 31. Nxe6 Qxe6 32. Rd2 Kh7 33. Rff2 1-0

[Event "Open Ciutat de Sabadell 2010"]
[Site "Sabadell ESP"]
[Date "2010.09.07"]
[Round "6.1"]
[White "Oms Pallisse, Josep"]
[Black "Fier, Alexandr"]
[Result "1/2-1/2"]
[WhiteElo "2517"]
[BlackElo "2588"]
[PlyCount "108"]
[EventDate "2010.09.01"]
[EventType "swiss"]
[EventRounds "9"]
[EventCountry "ESP"]
[Source "lmi"]
[SourceDate "2010.09.01"]

1. d4 Nf6 2. c4 g6 3. Nc3 Bg7 4. e4 d6 5. Be2 O-O 6. Nf3 e5 7. O-O Nc6 8. d5
Ne7 9. Nd2 a5 10. Rb1 Nd7 11. a3 f5 12. b4 Kh8 13. f3 Ng8 14. Qc2 Ngf6 15. Bd3
f4 16. Be2 h5 17. Nd1 b6 18. Bb2 Ne8 19. Bc3 axb4 20. axb4 g5 21. Nf2 Ndf6 22.
h3 Rg8 23. Ra1 Rb8 24. c5 bxc5 25. bxc5 Bf8 26. Rfb1 Rxb1+ 27. Rxb1 g4 28. hxg4
hxg4 29. Rb8 Nd7 30. Ra8 gxf3 31. Bxf3 Nxc5 32. Bg4 Nd7 33. Ba5 Be7 34. Nf3 Kg7
35. Qc6 Nef6 36. Ng5 Qe8 37. Ne6+ Kh6 38. Nxc7 Qg6 39. Bf3 Nc5 40. Nb5 Bd7 41.
Rxg8 Nxg8 42. Qb6 Bxb5 43. Qxb5 Nf6 44. Qc4 Qe8 45. Bb4 Qa4 46. Qc3 Ncd7 47.
Qa3 Qxa3 48. Bxa3 Ne8 49. Nd3 Bd8 50. Kf1 Bb6 51. Bg4 Nc5 52. Nxc5 Bxc5 53. Bc1
Nf6 54. Bf3 Kg7 1/2-1/2

[Event "Open Ciutat de Sabadell 2010"]
[Site "Sabadell ESP"]
[Date "2010.09.07"]
[Round "6.2"]
[White "Peralta, Fernando"]
[Black "Kovalyov, Anton"]
[Result "1-0"]
[WhiteElo "2564"]
[BlackElo "2601"]
[PlyCount "79"]
[EventDate "2010.09.01"]
[EventType "swiss"]
[EventRounds "9"]
[EventCountry "ESP"]
[Source "lmi"]
[SourceDate "2010.09.01"]

1. d4 Nf6 2. c4 e6 3. Nc3 Bb4 4. e3 b6 5. Nge2 Bb7 6. a3 Bd6 7. Qc2 c5 8. d5
exd5 9. cxd5 O-O 10. Ng3 Re8 11. Be2 Be5 12. e4 d6 13. O-O a6 14. f4 Bd4+ 15.
Kh1 b5 16. Bf3 c4 17. Nf5 Bc5 18. g4 g6 19. Nh6+ Kg7 20. g5 Ng8 21. Ng4 Nd7 22.
Ne2 h5 23. gxh6+ Kh7 24. Qc3 f6 25. Ng3 Qe7 26. h4 Qf7 27. f5 Ne7 28. fxg6+
Nxg6 29. Bg2 Nge5 30. Nxf6+ Nxf6 31. Bg5 Neg4 32. Bxf6 Nf2+ 33. Rxf2 Bxf2 34.
e5 Kg8 35. Be4 Qd7 36. h7+ Kf7 37. h8=N+ Kg8 38. Kg2 dxe5 39. Kxf2 Rf8 40. Nh5
1-0

[Event "Open Ciutat de Sabadell 2010"]
[Site "Sabadell ESP"]
[Date "2010.09.07"]
[Round "6.3"]
[White "Almeida Quintana, Omar"]
[Black "Lopez Martinez, Josep Manuel"]
[Result "1-0"]
[WhiteElo "2559"]
[BlackElo "2531"]
[PlyCount "115"]
[EventDate "2010.09.01"]
[EventType "swiss"]
[EventRounds "9"]
[EventCountry "ESP"]
[Source "lmi"]
[SourceDate "2010.09.01"]

1. d4 d6 2. Nf3 Nf6 3. c4 g6 4. Nc3 Bg7 5. e4 O-O 6. h3 e5 7. d5 Nbd7 8. Bg5 h6
9. Be3 Nc5 10. Nd2 a5 11. Be2 c6 12. O-O Bd7 13. b3 Nh7 14. Rc1 Na6 15. dxc6
Bxc6 16. Nd5 Nc5 17. a3 Ng5 18. b4 axb4 19. axb4 Nce6 20. h4 Nh7 21. h5 Nhg5
22. Bd3 gxh5 23. Qxh5 Ra3 24. Bb1 Bxd5 25. exd5 Nf4 26. Bxf4 exf4 27. Rfe1 b6
28. Ne4 Rb3 29. Qd1 Rxb4 30. Qd2 Rb2 31. Qxf4 Nxe4 32. Qxe4 f5 33. Qe6+ Kh8 34.
Rc2 Rxc2 35. Bxc2 Qf6 36. Qxf6 Rxf6 37. Rb1 Rf7 38. Rxb6 Bf8 39. f4 Kg7 40. Kf2
Be7 41. Kf3 Bf8 42. Bd3 Be7 43. Ra6 Rf6 44. Bc2 Rf7 45. c5 dxc5 46. d6 Bd8 47.
Ba4 Kf6 48. Ra8 Rf8 49. Bd7 Kg7 50. Bxf5 Rxf5 51. Rxd8 Rd5 52. Ke4 Rd2 53. Ke5
Kf7 54. Rc8 Re2+ 55. Kd5 Rd2+ 56. Kc6 c4 57. Kd7 Rd4 58. Rc5 1-0

[Event "Open Ciutat de Sabadell 2010"]
[Site "Sabadell ESP"]
[Date "2010.09.07"]
[Round "6.4"]
[White "Martinez Duany, Lelys Stanley"]
[Black "Gonzalez Perez, Arian"]
[Result "1/2-1/2"]
[WhiteElo "2507"]
[BlackElo "2410"]
[PlyCount "39"]
[EventDate "2010.09.01"]
[EventType "swiss"]
[EventRounds "9"]
[EventCountry "ESP"]
[Source "lmi"]
[SourceDate "2010.09.01"]

1. d4 d5 2. c4 e6 3. Nc3 Be7 4. Nf3 Nf6 5. Bg5 O-O 6. e3 Nbd7 7. Rc1 c6 8. Bd3
dxc4 9. Bxc4 Nd5 10. Bxe7 Qxe7 11. O-O Nxc3 12. Rxc3 e5 13. dxe5 Nxe5 14. Nxe5
Qxe5 15. Qd2 Bf5 16. Rd1 Qc7 17. Rcc1 Rad8 18. Qc3 Rxd1+ 19. Rxd1 Rd8 20. Rxd8+
1/2-1/2

[Event "Open Ciutat de Sabadell 2010"]
[Site "Sabadell ESP"]
[Date "2010.09.07"]
[Round "6.5"]
[White "Perez Mitjans, Orelvis"]
[Black "Rios, Cristhian Camilo"]
[Result "1-0"]
[WhiteElo "2445"]
[BlackElo "2380"]
[PlyCount "85"]
[EventDate "2010.09.01"]
[EventType "swiss"]
[EventRounds "9"]
[EventCountry "ESP"]
[Source "lmi"]
[SourceDate "2010.09.01"]

1. e4 c5 2. Nf3 e6 3. Qe2 Nc6 4. c3 Nf6 5. g3 d5 6. d3 Be7 7. e5 Nd7 8. h4 Qc7
9. Bf4 b6 10. a3 Bb7 11. Nbd2 O-O-O 12. d4 h6 13. b4 Kb8 14. Qe3 Rhg8 15. h5
cxb4 16. cxb4 Bxb4 17. axb4 Nxb4 18. Bd3 Qc3 19. Ke2 Nc5 20. Bh7 Ba6+ 21. Rxa6
Qxe3+ 22. fxe3 Ncxa6 23. Bxg8 Rxg8 24. g4 g5 25. hxg6 Rxg6 26. Rh4 Nc7 27. Bxh6
a5 28. Bf8 Nc6 29. Bd6 Rg7 30. e4 Kb7 31. Bxc7 Kxc7 32. exd5 exd5 33. Nb1 Ne7
34. Nc3 Ng6 35. Rh6 Kc6 36. Nh4 Rg8 37. Nf5 Re8 38. Nd6 Re6 39. Nxf7 Nf4+ 40.
Ke3 Rxh6 41. Nxh6 Ng6 42. Nf5 b5 43. e6 1-0

[Event "Open Ciutat de Sabadell 2010"]
[Site "Sabadell ESP"]
[Date "2010.09.07"]
[Round "6.6"]
[White "Gonzalez Rodriguez, Jorge A"]
[Black "Quesada Perez, Yuniesky"]
[Result "1/2-1/2"]
[WhiteElo "2399"]
[BlackElo "2614"]
[PlyCount "98"]
[EventDate "2010.09.01"]
[EventType "swiss"]
[EventRounds "9"]
[EventCountry "ESP"]
[Source "lmi"]
[SourceDate "2010.09.01"]

1. b3 d5 2. e3 c5 3. Bb2 Nf6 4. Nf3 Nc6 5. Bb5 Qb6 6. a4 e6 7. Ne5 Be7 8. d3
O-O 9. Bxc6 bxc6 10. Nd2 Ne8 11. Qe2 f6 12. Nef3 e5 13. h3 Nd6 14. O-O Be6 15.
Ba3 Rae8 16. a5 Qxa5 17. d4 Qc3 18. Bxc5 Nb5 19. Bxe7 Rf7 20. Qd3 Qxd3 21. cxd3
exd4 22. Nxd4 Nxd4 23. exd4 Bf5 24. Rfc1 Rfxe7 25. Nf3 Bxd3 26. Rxc6 Rb8 27.
Rc5 Rxb3 28. Rxd5 Rb1+ 29. Rxb1 Bxb1 30. Rd8+ Kf7 31. d5 Bf5 32. Nd4 Rd7 33.
Ra8 Be4 34. Nb5 Bxd5 35. Rxa7 Rxa7 36. Nxa7 Ke6 37. Nb5 Ke5 38. Nc3 g5 39. Kh2
h5 40. h4 Bc6 41. hxg5 fxg5 42. Nd1 Kf4 43. Nc3 Ke5 44. Kg3 h4+ 45. Kh2 g4 46.
Ne2 Ke4 47. f3+ gxf3 48. gxf3+ Ke3 49. Kh3 Bxf3 1/2-1/2

[Event "Open Ciutat de Sabadell 2010"]
[Site "Sabadell ESP"]
[Date "2010.09.07"]
[Round "6.7"]
[White "Escobar, Forero Alder"]
[Black "Zoler, Dan"]
[Result "1-0"]
[WhiteElo "2454"]
[BlackElo "2509"]
[PlyCount "78"]
[EventDate "2010.09.01"]
[EventType "swiss"]
[EventRounds "9"]
[EventCountry "ESP"]
[Source "lmi"]
[SourceDate "2010.09.01"]

1. e4 c5 2. Nf3 d6 3. d4 cxd4 4. Nxd4 Nf6 5. Nc3 a6 6. Bg5 e6 7. f4 Qc7 8. Qf3
b5 9. O-O-O b4 10. Nce2 Bb7 11. Bxf6 gxf6 12. Ng3 Nd7 13. Bd3 O-O-O 14. Kb1 Nc5
15. f5 Kb8 16. Rhf1 d5 17. Nb3 dxe4 18. Nxe4 Nxd3 19. Rxd3 Be7 20. Re3 Rd5 21.
Qe2 exf5 22. Ng3 Bd6 23. Nxf5 Be5 24. g4 a5 25. Nc1 Rhd8 26. Nd3 Bc6 27. Qf3
Qd7 28. Rd1 a4 29. Re4 Qb7 30. Rxb4 Rb5 31. Rxb5 Qxb5 32. Qf2 Be4 33. Kc1 Rc8
34. Nd4 Qb6 35. Nxe5 fxe5 36. Qe2 Bb7 37. Re1 a3 38. bxa3 Ba6 39. Qxe5+ Ka8 1-0

[Event "Open Ciutat de Sabadell 2010"]
[Site "Sabadell ESP"]
[Date "2010.09.07"]
[Round "6.8"]
[White "Vilela De Acuna, Jose Luis"]
[Black "Barrientos, Sergio E"]
[Result "0-1"]
[WhiteElo "2326"]
[BlackElo "2464"]
[PlyCount "53"]
[EventDate "2010.09.01"]
[EventType "swiss"]
[EventRounds "9"]
[EventCountry "ESP"]
[Source "lmi"]
[SourceDate "2010.09.01"]

1. d4 Nf6 2. Nf3 e6 3. c4 c5 4. d5 b5 5. dxe6 fxe6 6. cxb5 d5 7. g3 a6 8. bxa6
Nc6 9. Bh3 e5 10. Bxc8 Qxc8 11. Bg5 e4 12. Bxf6 exf3 13. Qxd5 gxf6 14. Qh5+ Kd7
15. Nc3 fxe2 16. Nxe2 Qe8 17. O-O-O+ Kc7 18. Qf5 Rxa6 19. Rhe1 Rxa2 20. Nc3
Ra1+ 21. Kc2 Nd4+ 22. Rxd4 Rxe1 23. Rd3 Bd6 24. Nd5+ Kc6 25. Ne3 Qc8 26. Qf3+
Kc7 27. Ra3 0-1

[Event "Open Ciutat de Sabadell 2010"]
[Site "Sabadell ESP"]
[Date "2010.09.07"]
[Round "6.9"]
[White "Uribe Arteaga, Daniel"]
[Black "Matnadze, Ana"]
[Result "0-1"]
[WhiteElo "2220"]
[BlackElo "2428"]
[PlyCount "138"]
[EventDate "2010.09.01"]
[EventType "swiss"]
[EventRounds "9"]
[EventCountry "ESP"]
[Source "lmi"]
[SourceDate "2010.09.01"]

1. e4 c5 2. c3 d5 3. exd5 Qxd5 4. d4 g6 5. Nf3 Bg7 6. Na3 Nh6 7. Bc4 Qe4+ 8.
Be3 cxd4 9. cxd4 O-O 10. Nb5 Na6 11. Qd2 Nf5 12. O-O Qc6 13. Rac1 Qd7 14. a3
Qd8 15. Bf4 Bd7 16. Nc7 Nxc7 17. Bxc7 Qe8 18. Qb4 Rc8 19. Bd5 Bc6 20. Bxc6 bxc6
21. Be5 Bh6 22. Rc5 Qd7 23. h3 Rfd8 24. g4 Nd6 25. Rc2 Ne4 26. Re1 Ng5 27. Nxg5
Bxg5 28. Bg3 Bf6 29. Be5 Bh4 30. Rec1 Bg5 31. Re1 Bh4 32. Rec1 Qd5 33. Qc4 Qf3
34. Qe2 Qxe2 35. Rxe2 f6 36. Bf4 Rxd4 37. Be3 Rd7 38. Rec2 Rd6 39. Bxa7 Bg5 40.
Re1 e5 41. Bc5 Rd3 42. Kg2 Ra8 43. Re4 Rb3 44. Rec4 Ra6 45. Bb4 Kf7 46. Rxc6
Rxc6 47. Rxc6 Rxb2 48. Rc7+ Ke6 49. Rxh7 Be3 50. Re7+ Kd5 51. Rd7+ Ke4 52. Be1
f5 53. gxf5 gxf5 54. h4 f4 55. Rf7 Kd3 56. h5 e4 57. Rd7+ Ke2 58. Bc3 f3+ 59.
Kh3 Rb3 60. Bf6 Kxf2 61. Bh4+ Ke2 62. Rf7 Rxa3 63. Rf6 Bd4 64. Rf4 f2+ 65. Kg2
e3 66. h6 Ra6 67. h7 Rh6 68. Bg3 Rxh7 69. Bxf2 Rg7+ 0-1

[Event "Open Ciutat de Sabadell 2010"]
[Site "Sabadell ESP"]
[Date "2010.09.07"]
[Round "6.10"]
[White "Anikaev, Yuri N"]
[Black "Lasinskas, Povilas"]
[Result "1-0"]
[WhiteElo "2426"]
[BlackElo "2195"]
[PlyCount "53"]
[EventDate "2010.09.01"]
[EventType "swiss"]
[EventRounds "9"]
[EventCountry "ESP"]
[Source "lmi"]
[SourceDate "2010.09.01"]

1. c4 f5 2. Nf3 Nf6 3. g3 g6 4. Bg2 Bg7 5. O-O O-O 6. Nc3 d6 7. d4 h6 8. b3 Re8
9. Bb2 c6 10. d5 c5 11. Ne1 Nbd7 12. Nd3 g5 13. e3 a6 14. a3 Ng4 15. Qe2 Nf8
16. Ne5 Nxe5 17. f4 Ng4 18. Nd1 Rb8 19. Bxg7 Kxg7 20. b4 b5 21. Nf2 bxc4 22.
Nxg4 fxg4 23. bxc5 dxc5 24. Qxc4 Rb5 25. a4 Rb4 26. Qxc5 Rb8 27. fxg5 1-0

[Event "Open Ciutat de Sabadell 2010"]
[Site "Sabadell ESP"]
[Date "2010.09.08"]
[Round "7.1"]
[White "Fier, Alexandr"]
[Black "Almeida Quintana, Omar"]
[Result "1/2-1/2"]
[WhiteElo "2588"]
[BlackElo "2559"]
[PlyCount "50"]
[EventDate "2010.09.01"]
[EventType "swiss"]
[EventRounds "9"]
[EventCountry "ESP"]
[Source "lmi"]
[SourceDate "2010.09.01"]

1. d4 g6 2. e4 Bg7 3. Nc3 d6 4. f4 Nc6 5. d5 Nb8 6. Nf3 Nf6 7. Bd3 O-O 8. O-O
c6 9. dxc6 Nxc6 10. Qe1 Bg4 11. Qh4 Bxf3 12. Rxf3 e6 13. Kh1 Nd7 14. Qf2 Qb6
15. Nb5 d5 16. Be3 Qd8 17. e5 f6 18. exf6 Bxf6 19. c4 a6 20. cxd5 Nb4 21. Bf1
Nxd5 22. Nd4 Qb6 23. Bc4 Nxe3 24. Qxe3 Bxd4 25. Qxe6+ Qxe6 1/2-1/2

[Event "Open Ciutat de Sabadell 2010"]
[Site "Sabadell ESP"]
[Date "2010.09.08"]
[Round "7.2"]
[White "Perez Mitjans, Orelvis"]
[Black "Peralta, Fernando"]
[Result "0-1"]
[WhiteElo "2445"]
[BlackElo "2564"]
[PlyCount "74"]
[EventDate "2010.09.01"]
[EventType "swiss"]
[EventRounds "9"]
[EventCountry "ESP"]
[Source "lmi"]
[SourceDate "2010.09.01"]

1. e4 c6 2. Nf3 d5 3. Nc3 Bg4 4. h3 Bxf3 5. Qxf3 Nf6 6. d3 e6 7. a3 Nbd7 8. g3
Be7 9. Bg2 O-O 10. O-O dxe4 11. dxe4 e5 12. Qe2 Nc5 13. f4 Ne6 14. Kh1 Qc7 15.
Be3 Bc5 16. Bxc5 Nxc5 17. f5 Qe7 18. g4 h6 19. Rg1 Nh7 20. Qf2 a5 21. h4 Rad8
22. Bf3 Rd4 23. Rg2 Rfd8 24. Rag1 Rd2 25. Be2 R8d4 26. Qe1 Rxc2 27. g5 hxg5 28.
hxg5 Nxe4 29. f6 Qe6 30. g6 fxg6 31. f7+ Qxf7 32. Rf1 Nhf6 33. Nxe4 Rxe4 34.
Qd1 Rh4+ 35. Kg1 Rxb2 36. Qd8+ Kh7 37. Rd1 Qb3 0-1

[Event "Open Ciutat de Sabadell 2010"]
[Site "Sabadell ESP"]
[Date "2010.09.08"]
[Round "7.3"]
[White "Barrientos, Sergio E"]
[Black "Oms Pallisse, Josep"]
[Result "1/2-1/2"]
[WhiteElo "2464"]
[BlackElo "2517"]
[PlyCount "85"]
[EventDate "2010.09.01"]
[EventType "swiss"]
[EventRounds "9"]
[EventCountry "ESP"]
[Source "lmi"]
[SourceDate "2010.09.01"]

1. e4 e6 2. d4 d5 3. Nc3 Nf6 4. e5 Nfd7 5. f4 c5 6. Nf3 Nc6 7. Be3 cxd4 8. Nxd4
Bc5 9. Qd2 a6 10. O-O-O O-O 11. h4 Nxd4 12. Bxd4 b5 13. Rh3 b4 14. Na4 Bxd4 15.
Qxd4 a5 16. Bb5 Rb8 17. Bd3 Qc7 18. h5 Bb7 19. Rg3 Bc6 20. Nc5 Nxc5 21. Qxc5
Rfc8 22. h6 g6 23. Qf2 Bb5 24. f5 Bxd3 25. Rgxd3 Qxe5 26. fxe6 fxe6 27. Re1
Qg5+ 28. Qe3 Qxe3+ 29. Rdxe3 d4 30. Rd3 Kf7 31. Rxd4 Ke7 32. Re5 Ra8 33. Rdd5
Rf8 34. g4 Rf1+ 35. Kd2 Rf2+ 36. Kd3 Rc8 37. Rxa5 Rcxc2 38. Reb5 Rfd2+ 39. Ke4
g5 40. Rxb4 Kf6 41. Rab5 Re2+ 42. Kd3 Red2+ 43. Ke3 1/2-1/2

[Event "Open Ciutat de Sabadell 2010"]
[Site "Sabadell ESP"]
[Date "2010.09.08"]
[Round "7.4"]
[White "Kovalyov, Anton"]
[Black "Martinez Duany, Lelys Stanley"]
[Result "1-0"]
[WhiteElo "2601"]
[BlackElo "2507"]
[PlyCount "139"]
[EventDate "2010.09.01"]
[EventType "swiss"]
[EventRounds "9"]
[EventCountry "ESP"]
[Source "lmi"]
[SourceDate "2010.09.01"]

1. Nf3 g6 2. c4 Bg7 3. d4 Nf6 4. Nc3 O-O 5. e4 d6 6. Be2 e5 7. Be3 c6 8. O-O
exd4 9. Bxd4 Qe7 10. Nd2 Nbd7 11. Qc2 b6 12. f4 Bb7 13. Rae1 Rad8 14. Bf3 Ne8
15. Bf2 Nc7 16. Kh1 Rfe8 17. g3 Qf8 18. Bg2 a6 19. a3 b5 20. Nb3 c5 21. Na5 Ba8
22. Nd5 Ne6 23. b3 Rc8 24. Qd3 Nd4 25. cxb5 axb5 26. Bxd4 Bxd4 27. Qxb5 Nf6 28.
Nxf6+ Bxf6 29. Qd3 Bd4 30. Nc4 Rb8 31. e5 dxe5 32. fxe5 Qe7 33. Bxa8 Rxa8 34.
Qe4 Rab8 35. Rf3 Qe6 36. Kg2 Re7 37. a4 f5 38. Qd3 Qd5 39. a5 Rb4 40. Ne3 Qa8
41. Nc2 Rb8 42. Nxd4 cxd4 43. Qc4+ Kf8 44. b4 Rc8 45. Qe2 Rec7 46. Qe4 Rc2+ 47.
Kh3 Qxe4 48. Rxe4 Rb2 49. Rxd4 Rcc2 50. g4 Rxh2+ 51. Kg3 Rhg2+ 52. Kh4 Kg7 53.
Rd7+ Kh6 54. g5+ Rxg5 55. Rxh7+ Kxh7 56. Kxg5 Kg7 57. Rc3 Kf7 58. Rc4 Rg2+ 59.
Kh4 Ke6 60. a6 g5+ 61. Kh3 Rb2 62. a7 Ra2 63. Rc7 Kxe5 64. b5 Kf4 65. Rc4+ Kf3
66. b6 Ra6 67. Rc5 g4+ 68. Kh4 Kf4 69. Kh5 g3 70. b7 1-0

[Event "Open Ciutat de Sabadell 2010"]
[Site "Sabadell ESP"]
[Date "2010.09.08"]
[Round "7.5"]
[White "Gonzalez Perez, Arian"]
[Black "Escobar, Forero Alder"]
[Result "1-0"]
[WhiteElo "2410"]
[BlackElo "2454"]
[PlyCount "61"]
[EventDate "2010.09.01"]
[EventType "swiss"]
[EventRounds "9"]
[EventCountry "ESP"]
[Source "lmi"]
[SourceDate "2010.09.01"]

1. e4 c5 2. Nf3 d6 3. d4 Nf6 4. Nc3 cxd4 5. Nxd4 Nc6 6. Bc4 e6 7. Be3 Be7 8.
Qe2 O-O 9. O-O-O a6 10. Bb3 Qe8 11. f4 Nd7 12. g4 Nc5 13. f5 b5 14. Kb1 Ne5 15.
g5 Nxb3 16. axb3 b4 17. Na4 Rb8 18. Rhg1 exf5 19. exf5 g6 20. Bf4 Bd8 21. Rg3
Bc7 22. Re3 a5 23. h4 Bxf5 24. Nxf5 gxf5 25. Nc5 Qc6 26. Bxe5 dxc5 27. Bf6 Rfe8
28. Qh5 Bd6 29. Red3 Bf8 30. Rd7 Qe6 31. g6 1-0

[Event "Open Ciutat de Sabadell 2010"]
[Site "Sabadell ESP"]
[Date "2010.09.08"]
[Round "7.6"]
[White "Quesada Perez, Yuniesky"]
[Black "Anikaev, Yuri N"]
[Result "1/2-1/2"]
[WhiteElo "2614"]
[BlackElo "2426"]
[PlyCount "40"]
[EventDate "2010.09.01"]
[EventType "swiss"]
[EventRounds "9"]
[EventCountry "ESP"]
[Source "lmi"]
[SourceDate "2010.09.01"]

1. e4 c5 2. Nf3 d6 3. d4 cxd4 4. Nxd4 Nf6 5. Nc3 a6 6. Be3 e5 7. Nb3 Be6 8. Qd2
Be7 9. O-O-O Nbd7 10. f4 Ng4 11. g3 Nxe3 12. Qxe3 O-O 13. Kb1 g6 14. h4 Qb6 15.
Qf3 Kg7 16. g4 Nf6 17. Bh3 Rac8 18. h5 Rxc3 19. bxc3 Nxh5 20. Rd2 Kh8 1/2-1/2

[Event "Open Ciutat de Sabadell 2010"]
[Site "Sabadell ESP"]
[Date "2010.09.08"]
[Round "7.7"]
[White "Lopez Martinez, Josep Manuel"]
[Black "Gonzalez Rodriguez, Jorge A"]
[Result "0-1"]
[WhiteElo "2531"]
[BlackElo "2399"]
[PlyCount "113"]
[EventDate "2010.09.01"]
[EventType "swiss"]
[EventRounds "9"]
[EventCountry "ESP"]
[Source "lmi"]
[SourceDate "2010.09.01"]

1. d4 Nf6 2. c4 e6 3. Nc3 Bb4 4. e3 O-O 5. Nge2 Ne4 6. Qc2 Nxc3 7. Nxc3 d5 8.
a3 Be7 9. Bd3 h6 10. b3 dxc4 11. Bxc4 Nd7 12. Bb2 c6 13. Rd1 Nb6 14. Be2 Nd5
15. O-O Bd7 16. Ne4 b6 17. Ng3 Rc8 18. e4 Nf4 19. Bf3 Re8 20. Kh1 Bf8 21. Qd2
Qc7 22. e5 Nd5 23. Be4 c5 24. dxc5 bxc5 25. Bb1 c4 26. bxc4 Qxc4 27. Ne4 Ba4
28. Rc1 Qb3 29. Nd6 Rxc1 30. Rxc1 Rb8 31. Qc2 Qxc2 32. Bxc2 Rxb2 33. Bxa4 Rxf2
34. Be8 Bxd6 35. exd6 Rd2 36. h3 Nf6 37. d7 Kf8 38. Rc7 Nxe8 39. dxe8=Q+ Kxe8
40. Rxa7 Rd7 41. Ra8+ Ke7 42. a4 h5 43. Kg1 Rd2 44. a5 Kf6 45. a6 Ra2 46. h4
Kg6 47. Ra7 e5 48. Kh2 Ra3 49. Kg1 Ra4 50. g3 Ra2 51. Kf1 Kf6 52. Kg1 Ke6 53.
Kf1 f6 54. Rxg7 Kf5 55. a7 Ke4 56. Kg1 f5 57. Kf1 0-1

[Event "Open Ciutat de Sabadell 2010"]
[Site "Sabadell ESP"]
[Date "2010.09.08"]
[Round "7.8"]
[White "Matnadze, Ana"]
[Black "Carlstedt, Jonathan"]
[Result "1/2-1/2"]
[WhiteElo "2428"]
[BlackElo "2376"]
[PlyCount "41"]
[EventDate "2010.09.01"]
[EventType "swiss"]
[EventRounds "9"]
[EventCountry "ESP"]
[Source "lmi"]
[SourceDate "2010.09.01"]

1. d4 d5 2. Nf3 e6 3. g3 c5 4. c4 Nc6 5. Bg2 Nf6 6. O-O Be7 7. Nc3 O-O 8. cxd5
exd5 9. Bg5 c4 10. Ne5 Be6 11. Nxc6 bxc6 12. Rc1 h6 13. Bxf6 Bxf6 14. e3 Qa5
15. Qa4 Qxa4 16. Nxa4 Rfd8 17. Nc5 Be7 18. Rfd1 Bd6 19. e4 Bxc5 20. exd5 Bxd4
21. Rxd4 1/2-1/2